000 00342nam a22001577a 4500
003 MACL
005 20151125140725.0
008 151125b xxu||||| |||| 00| 0 eng d
040 _cMACL
041 _aEnglish
082 _a070/GAU
100 _aGaur,Sanjay
_918228
245 _aE-Journalism
650 _aMedia
_918229
942 _2ddc
_cBK
999 _c51131
_d51131